LEADER 01080nam a2200265 i 4500 001 000000150140 003 CaOOAMICUS 005 20060504000000.0 008 060504s2000 it u000 u ita u 013 $a127478 020 $a88-7287-211-1 040 $aSeMil$bita 245 10$aInterpretazioni di un Erbario /$c[Editor : Luciana Rita Angeletti ... et al.]. 260 $aRoma :$bDelfino,$cCopyr. 2000. 300 $a62 p. :$b35 cm. 500 $aIn cofanetto con : Herbarium habitum in Horto Medico Sapientiae Romanae. - Dono del card. Dionigi Tettamanzi. 650 4$aErbari.$0(OLS)http://semarc/subject/23815 700 1 $aAngeletti, Luciana Rita.$0(OLS)http://semarc/name/59268 850 $aSeMil 852 $aSeMil$W1$xVenegono$y1$m3XC VI 22$j102305$B102305$CSeMilBibl$Z2$F111798 $81 941 1 $a5 961 $aOmaggio: Tettamanzi Card. Dionigi 996 $6020$a88-7287-211-1$9(OLS)http://semarc/number/139549 996 $6245$aInterpretazioni di un Erbario$9(OLS)http://semarc/title/219548 996 $6260$aRoma :$bDelfino$9(OLS)http://semarc/publisher/33192 LEADER 01315nam a2200253 i 4500 001 000000119776 003 CaOOAMICUS 005 20251201100647.0 008 050322s1969 fr u000 u fre u 013 $a92470 040 $aSeMil$bita 100 1 $aBernanos, Georges,$d<1888-1948>.$0(OLS)http://semarc/name/9030 245 10$aMonsieur Ouine :$bavec une notice sur la vie de Georges Bernanos, avec analyse méthodique du roman, des notes, des questions, une étude littéraire, des jugements et des sujets de devoirs /$cpar Michel Autrand ; Georges Bernanos. 260 $aParis :$bBordas,$c1969. 300 $a189 p. :$bill. ;$c16 cm. 490 0 $aLes classiques contemporains Bordas 700 1 $aAutrand, Michel.$0(OLS)http://semarc/name/49904 830 4$aLes classiques contemporains Bordas.$0(OLS)http://semarc/title/11189 850 $aSeMil 852 $aSeMil$W1$xVenegono$y1$m1V I 13$j74983$B74983$CSeMilBibl$Z2$F94721 $81 961 $aLascito: Albanesi Anna 996 $6245$aMonsieur Ouine :$bavec une notice sur la vie de Georges Bernanos, avec analyse méthodique du roman, des notes, des questions, une étude littéraire, des jugements et des sujets de devoirs$9(OLS)http://semarc/title/176118 996 $6260$aParis :$bBordas$9(OLS)http://semarc/publisher/32303